000 01098nam a2200229Ia 4500
003 Ost
005 20260507075023.0
008 260507s9999||||xx |||||||||||||| ||und||
040 _cfsecg
041 _aara
082 _a330
100 _aحسن، سوزان علي
_eمؤلف
245 0 _aالإطار القانوني للوكالة بالعمولة للنقل /
_c سوزان علي حسن
260 _aالاسكندرية:
_bدارالجامعة الجديدة للنشر,
_c2003
300 _a263 صفحة؛
_bإيضاحات ؛
_c24 سم
490 _aالمكتبة القانونية
520 _aالأحكام العامة للوكالة بالعمولة للنقل- التزامات الوكيل بالعمولة للنقل بصفته وكيلا- حقوق الوكيل بالعمولة للنقل- المسؤولية الناشئة عن عقد الوكالة بالعمولة للنقل- الاحكام العامة للمسؤولية- تطبيق المسؤولية
653 _aالعمولات
653 _aالنقل
653 _aالوكالات
942 _cكتاب
999 _c42301
_d42301